California State park system /

Saved in:
Bibliographic Details
Corporate Author: California. Division of Beaches and Parks.
Format: Map
Language:English
Published: Sacramento : The Division, [1956]
Subjects:
Tags: Add Tag
No Tags, Be the first to tag this record!
LEADER 00945nem a2200277Ia 4500
001 003473262-4
005 20020606093309.7
008 930325s1956 caub a s 0 eng d
034 1 |a a  |b 1600000 
035 0 |a ocm27800682 
040 |a WCA  |c WCA  |d FLL 
052 |a 4361 
110 1 |a California.  |b Division of Beaches and Parks. 
245 1 0 |a California State park system /  |c Department of Natural Resources, Division of Beaches and Parks. 
255 |a Scale [1:1,600,000]. 1 in. = approx. 25.6 mi. 
260 |a Sacramento :  |b The Division,  |c [1956] 
300 |a 1 map :  |b col. ;  |c 69 x 59 cm., folded to 24 x 11 cm. 
500 |a Relief shown by shading. 
500 |a Includes text. 
500 |a Chart of park facilities, text and ill. on verso. 
500 |a Dated from text. 
650 0 |a Parks  |z California  |v Maps. 
650 0 |a Monuments  |z California  |v Maps. 
650 0 |a Historic sites  |z California  |v Maps. 
988 |a 20020608 
906 |0 OCLC